US states without the state’s name on the flag - Statistics

General Stats
  • This quiz has been taken 15 times
  • The average score is 18 of 24
Answer Stats
Answer % Correct
Alaska
100%
Georgia
91%
Hawaii
91%
Delaware
82%
Massachusetts
82%
New jersey
82%
New york
82%
South carolina
82%
Texas
82%
Alabama
73%
Colorado
73%
Maryland
73%
Mississippi
73%
North carolina
73%
Tennessee
73%
Arizona
64%
Connecticut
64%
Michigan
64%
Missouri
64%
Ohio
64%
Pennsylvania
64%
Rhode island
64%
Louisiana
55%
New mexico
45%
No matching quizzes found
Score Distribution
Percent of People with Each Score
Percentile by Number Answered
Your Score History
You have not taken this quiz